000 00625nam a2200217 u 4500
005 20240924071142.0
008 160218s1999 es r 000 0 spa d
020 _a847702278X
035 _aUPN01000208263
049 _aCG
050 4 _aPQ6651 G8
_bC6.6
100 1 _aAguilar, Carlos,
_d1958-
_938555
245 1 0 _aCoproducción :
_buna novela de cine /
_cCarlos Aguilar.
260 _aMadrid :
_bValdemar,
_c1999.
300 _a166 p.
440 3 _aEl Club Diógenes ;
_v123.
_pAutores españoles
650 4 _aNovela española
_910814
650 4 _aLiteratura española
_95069
905 _aLibro
999 _c180364
_d180364